[Event "Budapest Art Pub Cup 4th"]
[Site "Budapest"]
[Date "2014.04.20"]
[Round "7"]
[White "Toth, Nikoletta"]
[Black "Bogar, Ferenc"]
[Result "0-1"]
[WhiteElo "1113"]
[BlackElo "1812"]
[PlyCount "144"]
[EventDate "2014.04.16"]
[EventType "swiss"]
[EventRounds "7"]
[EventCountry "HUN"]
[SourceTitle "EXT 2015"]
[Source "ChessBase"]
[SourceDate "2014.11.20"]
[SourceVersion "1"]
[SourceVersionDate "2014.11.20"]
[SourceQuality "1"]

1. e4 e6 2. d4 d5 3. Nc3 Nf6 4. Bg5 Be7 5. e5 Nfd7 6. Bxe7 Qxe7 7. Bd3 a6 8. Qg4 f5 9. exf6 Nxf6 10. Qe2 0-0 11. Nf3 c5 12. Qe3 cxd4 13. Qxd4 Nc6 14. Qh4 Qb4 15. Qxb4 Nxb4 16. 0-0-0 Ng4 17. Rhf1 Nxd3+ 18. Rxd3 Bd7 19. Rd4 Nf6 20. h4 Rac8 21. Ne5 Bc6 22. g4 Nd7 23. Nxc6 bxc6 24. f4 e5 25. Ra4 Rxf4 26. Raxf4 exf4 27. Rxf4 Nc5 28. Na4 Ne4 29. Nb6 Rf8 30. Rxf8+ Kxf8 31. Kb1 Ke7 32. c4 d4 33. Kc2 Nf2 34. g5 Ke6 35. Kd2 Kf5 36. Ke2 Ne4 37. Kf3 d3 38. Ke3 d2 39. Ke2 Kg4 40. Nd7 Kxh4 41. Ne5 Kxg5 42. Nxc6 h5 43. Nd4 h4 44. c5 h3 45. c6 h2 46. Nf3+ Kf5 47. Nxh2 Ke6 48. Ng4 Kd6 49. c7 Kxc7 50. Ne5 Kd6 51. Nc4+ Kc5 52. Ne5 Kd5 53. Nd3 a5 54. b3 Kd4 55. Nf4 Kc3 56. Ng2 Kb2 57. Kd1 Kxa2 58. Kc2 g5 59. Ne3 Ka3 60. Kd3 Kxb3 61. Kxe4 a4 62. Kd3 a3 63. Nc2 d1Q+ 64. Ke3 Kxc2 65. Ke4 a2 66. Kf5 g4 67. Kf4 Qd4+ 68. Kg3 a1Q 69. Kh4 g3+ 70. Kg5 g2 71. Kf5 Qf2+ 72. Ke4 Qad4# 0-1

[Event "Budapest Karacsonyi op 2nd"]
[Site "Budapest"]
[Date "2010.12.28"]
[Round "2"]
[White "Farkas, Richard"]
[Black "Bogar, Ferenc"]
[Result "1-0"]
[WhiteElo "2005"]
[BlackElo "1847"]
[PlyCount "99"]
[EventDate "2010.12.27"]
[EventType "swiss"]
[EventRounds "7"]
[EventCountry "HUN"]
[SourceTitle "EXT 2022"]
[Source "ChessBase"]
[SourceDate "2021.10.06"]
[SourceVersion "1"]
[SourceVersionDate "2021.10.06"]
[SourceQuality "1"]

1. e4 e6 2. d4 d5 3. Nd2 dxe4 4. Nxe4 Nd7 5. Nf3 Be7 6. c3 Ngf6 7. Ng3 b6 8. Bd3 Bb7 9. 0-0 0-0 10. Re1 c5 11. Qe2 Re8 12. Bd2 a6 13. Rad1 Nf8 14. Be3 Ng4 15. dxc5 Nxe3 16. Bxh7+ Nxh7 17. Rxd8 Rexd8 18. Qxe3 Bxc5 19. Qe2 Rd7 20. Ne5 Rd5 21. c4 Rd4 22. a3 a5 23. Qh5 Rf4 24. Re2 Rd8 25. Rc2 g6 26. Nxg6 fxg6 27. Qxg6+ Kh8 28. h3 Rf6 29. Qh5 Rdf8 30. Qe5 Kg8 31. Qe1 Rxf2 32. Qxe6+ Kh8 33. Qe5+ Kg8 34. Rxf2 Rxf2 35. Qe6+ Kf8 36. Qh6+ Ke8 37. Qh5+ Rf7+ 38. Kh1 Kf8 39. Qh6+ Ke8 40. b4 axb4 41. axb4 Bd4 42. Qe6+ Re7 43. Qg8+ Nf8 44. h4 Bf2 45. Nf5 Re1+ 46. Kh2 Bg1+ 47. Kg3 Re6 48. Ng7+ Ke7 49. Nxe6 Nxe6 50. Qh7+ 1-0

[Event "Budapest Weekend 2nd"]
[Site "Budapest"]
[Date "2010.08.20"]
[Round "2"]
[White "Bogar, Ferenc"]
[Black "Moharos, Viktor"]
[Result "1-0"]
[WhiteElo "1864"]
[BlackElo "1556"]
[PlyCount "93"]
[EventDate "2010.08.20"]
[EventType "swiss"]
[EventRounds "7"]
[EventCountry "HUN"]
[SourceTitle "EXT 2020"]
[Source "ChessBase"]
[SourceDate "2019.10.17"]
[SourceVersion "1"]
[SourceVersionDate "2019.10.17"]
[SourceQuality "1"]

1. d4 f5 2. g3 Nf6 3. Bg2 c6 4. Nf3 Na6 5. 0-0 Nc7 6. c3 e6 7. Bg5 Be7 8. Nbd2 0-0 9. Bxf6 Bxf6 10. e4 fxe4 11. Nxe4 Be7 12. Re1 Nd5 13. c4 Nf6 14. c5 b6 15. b4 h6 16. Nxf6+ Bxf6 17. Ne5 Rb8 18. Rb1 Bb7 19. Be4 Bxe5 20. dxe5 Qg5 21. Qxd7 Kh8 22. Qxe6 Rbe8 23. Qg6 Qxg6 24. Bxg6 Re6 25. Bc2 Rfe8 26. f4 g5 27. Rbd1 Ba6 28. Bb3 R6e7 29. e6 gxf4 30. gxf4 Kg7 31. Kf2 Kf6 32. Re5 Bc8 33. Rd6 bxc5 34. bxc5 a6 35. Rxc6 Rd8 36. Rd6 Rde8 37. Bc4 a5 38. Bb5 Rf8 39. Bd7 Rd8 40. c6 Rf8 41. Rxa5 Rg7 42. Rd3 Ke7 43. f5 Rg5 44. Ra8 Rfxf5+ 45. Rf3 Rxf3+ 46. Kxf3 Bxd7 47. cxd7 1-0